Direct Marketing Success (Record no. 2151)

MARC details
000 -LEADER
fixed length control field 00405nam a22001697a 4500
005 - DATE AND TIME OF LATEST TRANSACTION
control field 20160530123411.0
008 - FIXED-LENGTH DATA ELEMENTS--GENERAL INFORMATION
fixed length control field 160530b xxu||||| |||| 00| 0 eng d
020 ## - INTERNATIONAL STANDARD BOOK NUMBER
ISBN 0-07-058773-6
041 ## - LANGUAGE CODE
Language code of text/sound track or separate title eng
082 ## - DEWEY DECIMAL CLASSIFICATION NUMBER
Item number 6056
100 ## - MAIN ENTRY--AUTHOR NAME
Personal name Hatch Denny & Jackson Don
245 ## - TITLE STATEMENT
Title Direct Marketing Success
260 ## - PUBLICATION, DISTRIBUTION, ETC. (IMPRINT)
Place of publication New Delhi
Name of publisher PHI,
Year of publication 2004
300 ## - PHYSICAL DESCRIPTION
Number of Pages 348
650 ## - SUBJECT ADDED ENTRY--TOPICAL TERM
Topical Term Management
942 ## - ADDED ENTRY ELEMENTS (KOHA)
Koha item type Books
Holdings
Lost status Damaged status Collection code Home library Current library Shelving location Date acquired Cost, normal purchase price Full call number Accession Number Koha item type
    MANAGEMENT JRU Library JRU Library SHELF- 67 M 30/05/2016 295.00 6056 6056 Books